| 000 | 00332nam a2200133Ia 4500 | ||
|---|---|---|---|
| 005 | 20251222155147.0 | ||
| 008 | 251222s9999||||xx |||||||||||||| ||spa|| | ||
| 082 | _aNUT.44 | ||
| 100 | _aSamuel Fuentes del Toro | ||
| 245 | 0 | _aNutrición cirugía y terapia intensiva | |
| 250 | _a1ra. ed. | ||
| 264 | _bManual moderno | ||
| 942 | _cLIB | ||
| 999 |
_c39418 _d39418 |
||